000 01018aam a2200337 4500
005 20190822184926.0
008 150624b xxu||||| |||| 00| 0 spa d
041 _aEspañol
082 _a617.695 M758c
100 _aMontagna, Fabrizio
_920856
100 _aBarbesi, Maurizio
_925531
245 _aCerámicas, Zirconio y CAD/CAM
260 _aMéxico
_bAmolca
_c2013
300 _a445 páginas
650 _aMATERIALES DENTALES
_93183
650 _aZIRCONIO
_93156
650 _aCERÁMICA
_91183
650 _aMATERIALES CERAMICOS
_91187
650 _aSISTERIZACIÓN
_925532
650 _aESTRUCTURA DE LA MATERIA
_918168
650 _aPROPIEDADES MECANICAS
_925533
650 _aMECÁNICA DE LA FRACTURA
_925534
650 _aTENACIDAD
_925535
650 _aPROPIEDADES FISISCAS
_925536
650 _aPROPIEDADES BIOLÓGICAS
_925537
650 _aPROPIEDADES ESTÉTICAS
_925538
650 _aCORONAS COMPLETAS
_925539
650 _aCORONAS PARCIALES
_925540
650 _aCARILLAS
_925541
942 _cBK
999 _c3023
_d3023